[Event "Titled Tue 10th Jun Early"]
[Site "chess.com INT"]
[Date "2025.06.10"]
[Round "3"]
[White "Papaioannou, Dimitrios"]
[Black "Bharath, Subramaniyam H"]
[Result "1-0"]
[WhiteTitle "CM"]
[BlackTitle "GM"]
[WhiteElo "2206"]
[BlackElo "2558"]
[WhiteFideId "25865137"]
[BlackFideId "46634827"]
[EventDate "2025.06.10"]

1. Nf3 e6 2. c4 g5 3. d4 g4 4. Ne5 h5 5. Nc3 Bg7 6. e3 c5 7. Be2 Ne7 8. O-O d6
9. Nd3 cxd4 10. exd4 Nbc6 11. d5 Nd4 12. Bg5 e5 13. f4 f6 14. Bh4 Bf5 15. fxe5
fxe5 16. Kh1 O-O 17. Nf2 Qd7 18. Nfe4 Ng6 19. Bg5 Rae8 20. Bd3 h4 21. Rf2 h3 22.
gxh3 Nf3 23. Qe2 Nd4 24. Qe3 gxh3 25. Rg1 Bg4 26. Bf6 Qf7 27. Rxg4 Kh8 28. Qg5
Bxf6 29. Rxf6 1-0

[Event "Titled Tue 10th Jun Early"]
[Site "chess.com INT"]
[Date "2025.06.10"]
[Round "3"]
[White "Iniyan, Pa"]
[Black "Otdelnov, Kirill"]
[Result "1-0"]
[WhiteTitle "GM"]
[BlackTitle "FM"]
[WhiteElo "2573"]
[BlackElo "2273"]
[WhiteFideId "25002767"]
[BlackFideId "24280216"]
[EventDate "2025.06.10"]

1. c4 e6 2. Nf3 d5 3. g3 dxc4 4. Qa4+ Nd7 5. Bg2 a6 6. Qxc4 b5 7. Qc2 Bb7 8. O-O
Ngf6 9. b3 c5 10. Bb2 Be7 11. d3 O-O 12. e4 Rc8 13. Nbd2 Nb6 14. Rad1 Nfd7 15.
Qb1 Bf6 16. e5 Be7 17. Ne4 Qc7 18. h4 Rfd8 19. h5 h6 20. Qc1 Nf8 21. Qf4 Nh7 22.
Qg4 Kh8 23. Nd6 Bf8 24. Nxc8 Qxc8 25. Nh4 Bxg2 26. Nxg2 Nd5 27. a3 Qc6 28. f4
Rd7 29. Qf3 Qb6 30. Qf2 Qc7 31. Kh2 Kg8 32. Rd2 a5 33. Rc2 Qa7 34. Bc1 a4 35.
bxa4 Qxa4 36. f5 Qg4 37. Qf3 exf5 38. Qxf5 Qxf5 39. Rxf5 Be7 40. Rf1 Nc7 41. Nf4
Rxd3 42. Nxd3 1-0

[Event "Titled Tue 10th Jun Early"]
[Site "chess.com INT"]
[Date "2025.06.10"]
[Round "3"]
[White "Alizadeh, Mohammad Mahdi"]
[Black "Berikkyzy Alanna"]
[Result "1-0"]
[WhiteTitle "CM"]
[BlackTitle "WFM"]
[WhiteElo "2039"]
[BlackElo "2080"]
[WhiteFideId "22598820"]
[BlackFideId "13780719"]
[EventDate "2025.06.10"]

1. d4 Nf6 2. c4 e6 3. g3 d5 4. Bg2 dxc4 5. Nf3 Nc6 6. O-O Rb8 7. e3 Bd6 8. Qe2
b5 9. b3 cxb3 10. axb3 O-O 11. Bb2 Re8 12. Rc1 Bb7 13. Qxb5 a6 14. Qd3 Nb4 15.
Qe2 Be4 16. Nc3 Bd3 17. Qd2 Ne4 18. Nxe4 Bxe4 19. Ba3 Qf6 20. Ne5 Bxg2 21. Kxg2
Bxe5 22. dxe5 Qxe5 23. Bb2 Qe4+ 24. Kg1 Nd3 25. Rc4 Qg6 26. Bd4 e5 27. Bc3 Rxb3
28. Rxc7 e4 29. Bd4 Rb5 30. Ra7 Rh5 31. R7xa6 f6 32. Ra8 Rb5 33. Qa2+ Kh8 34.
Qe6 1-0

[Event "Titled Tue 10th Jun Early"]
[Site "chess.com INT"]
[Date "2025.06.10"]
[Round "3"]
[White "Di Nicolantonio, Lucas"]
[Black "Fomevor, Cephas Clinton"]
[Result "1-0"]
[WhiteTitle "IM"]
[BlackTitle "CM"]
[WhiteElo "2413"]
[BlackElo "1883"]
[WhiteFideId "680460"]
[BlackFideId "12601330"]
[EventDate "2025.06.10"]

1. Nf3 c5 2. e3 Nc6 3. d4 cxd4 4. exd4 Nf6 5. d5 Nb4 6. c4 g6 7. Nc3 Bg7 8. a3
Na6 9. Be3 O-O 10. Be2 d6 11. O-O Nc5 12. Rc1 Bg4 13. b4 Ncd7 14. Nd4 Bxe2 15.
Qxe2 Rc8 16. Nb3 Ne5 17. Nb5 a6 18. N5d4 Qd7 19. h3 Rc7 20. Na5 Rfc8 21. Ndb3 b5
22. cxb5 Qxb5 23. Rxc7 Rxc7 24. Qxb5 axb5 25. Rd1 Rc3 26. Bd4 Rc2 27. Bxe5 dxe5
28. Nc5 Ne4 29. Nxe4 Ra2 30. Nc6 1-0

[Event "Titled Tue 10th Jun Early"]
[Site "chess.com INT"]
[Date "2025.06.10"]
[Round "3"]
[White "Jia, Haoxiang"]
[Black "Hury, Tymoteusz"]
[Result "1-0"]
[WhiteTitle "IM"]
[BlackTitle "CM"]
[WhiteElo "2316"]
[BlackElo "2115"]
[WhiteFideId "8602999"]
[BlackFideId "21839328"]
[EventDate "2025.06.10"]

1. Nf3 d5 2. g3 g6 3. Bg2 Bg7 4. O-O e5 5. d3 Nc6 6. Nc3 d4 7. Ne4 f5 8. Nc5 Qe7
9. Nb3 Nf6 10. c3 O-O 11. cxd4 e4 12. dxe4 fxe4 13. Ne5 Nxe5 14. dxe5 Qxe5 15.
Bf4 Qe7 16. Rc1 c6 17. Bd6 Qf7 18. Bxf8 Bxf8 19. Qd4 Bf5 20. Rfd1 Re8 21. e3 a6
22. Qb6 Bg7 23. Rd8 Bc8 24. Rxe8+ Qxe8 25. Bf1 Nd5 26. Bc4 Bxb2 27. Bxd5+ cxd5
28. Rc7 Bh3 29. Qxb7 Qf8 30. Qxd5+ Kh8 31. Nd4 Qb4 32. Qd8+ 1-0

[Event "Titled Tue 10th Jun Early"]
[Site "chess.com INT"]
[Date "2025.06.10"]
[Round "3"]
[White "Mishra, Manoj"]
[Black "Horobetz, Graham"]
[Result "0-1"]
[WhiteTitle "CM"]
[WhiteElo "1941"]
[BlackElo "2250"]
[WhiteFideId "5006007"]
[BlackFideId "2047322"]
[EventDate "2025.06.10"]

1. d4 Nf6 2. Nc3 d5 3. Bf4 c5 4. e3 cxd4 5. exd4 a6 6. Nf3 Bg4 7. Be2 Nc6 8. Ne5
Bxe2 9. Nxe2 e6 10. c3 Bd6 11. Qa4 Rc8 12. Qb3 Bxe5 13. dxe5 Na5 14. Qb4 Rc4 15.
exf6 Rxb4 16. cxb4 Nc4 17. fxg7 Rg8 18. b3 Nd6 19. Rc1 Rxg7 20. O-O Nf5 21. Rc7
f6 22. Rfc1 Rxc7 23. Rxc7 e5 24. Rxh7 Qb6 25. Bd2 Qc6 26. Be1 Qc2 27. Kf1 Ne3+
28. fxe3 Qxh7 29. Bg3 Qb1+ 30. Kf2 Qxa2 31. h4 Qxb3 32. h5 Kf7 33. Kf3 Qxb4 34.
Bf2 a5 35. g4 a4 0-1

[Event "Titled Tue 10th Jun Early"]
[Site "chess.com INT"]
[Date "2025.06.10"]
[Round "3"]
[White "Kulnev, Aleksandr"]
[Black "Nagare Kaivalya Sandip"]
[Result "0-1"]
[WhiteTitle "CM"]
[BlackTitle "FM"]
[WhiteElo "2213"]
[BlackElo "2321"]
[WhiteFideId "54157544"]
[BlackFideId "25957929"]
[EventDate "2025.06.10"]

1. d4 Nf6 2. c4 e6 3. Nf3 d5 4. g3 dxc4 5. Bg2 c5 6. O-O Nc6 7. dxc5 Qxd1 8.
Rxd1 Bxc5 9. Nbd2 c3 10. bxc3 O-O 11. Nb3 Be7 12. c4 Bd7 13. Bb2 Rac8 14. Rac1
Rfd8 15. Nfd4 Be8 16. e3 b6 17. Nb5 a6 18. N5d4 Kf8 19. Nxc6 Bxc6 20. Bd4 Nd7
21. Rd3 Bxg2 22. Kxg2 f6 23. Rcd1 Ke8 24. Rc1 Rc6 25. Bb2 Rdc8 26. Rcd1 Nc5 27.
Nxc5 Rxc5 28. Bd4 Rxc4 29. Bxb6 Rc2 30. R1d2 R8c6 31. Bd4 e5 32. Ba1 Bb4 33. Rd1
Rxa2 34. Rd8+ Ke7 35. R1d7+ Ke6 36. Rd1 Rcc2 0-1

[Event "Titled Tue 10th Jun Early"]
[Site "chess.com INT"]
[Date "2025.06.10"]
[Round "3"]
[White "Williams, Simon K"]
[Black "Gomez Falagan, Daniel"]
[Result "1-0"]
[WhiteTitle "GM"]
[BlackTitle "FM"]
[WhiteElo "2444"]
[BlackElo "2271"]
[WhiteFideId "404454"]
[BlackFideId "54509947"]
[EventDate "2025.06.10"]

1. d4 d5 2. c4 e6 3. Nc3 Nf6 4. Nf3 Nbd7 5. Bf4 Bb4 6. e3 c5 7. Qc2 cxd4 8. exd4
O-O 9. c5 Ne4 10. Bd3 f5 11. O-O g5 12. Bd2 Qf6 13. a3 Ba5 14. b4 Bc7 15. Ne2 g4
16. Ne1 Nxd2 17. Qxd2 Qh4 18. g3 Qh5 19. Nf4 Qh6 20. Neg2 Nf6 21. Qe3 Ne4 22.
Bxe4 dxe4 23. d5 exd5 24. Nxd5 Qxe3 25. Ngxe3 Be5 26. Rad1 Be6 27. Nc4 Bb8 28.
Nd6 Kg7 29. Nf4 Bg8 30. Rd4 Bxd6 31. Rxd6 Rfd8 32. Rfd1 Rxd6 33. Rxd6 Kf8 34.
Rd7 a5 35. b5 Rc8 36. c6 bxc6 37. b6 Rb8 38. b7 1-0

[Event "Titled Tue 10th Jun Early"]
[Site "chess.com INT"]
[Date "2025.06.10"]
[Round "3"]
[White "Caprio, Guido"]
[Black "Dumanuly, Sultanbeibarys"]
[Result "1-0"]
[WhiteTitle "IM"]
[BlackTitle "FM"]
[WhiteElo "2435"]
[BlackElo "2212"]
[WhiteFideId "834580"]
[BlackFideId "13731963"]
[EventDate "2025.06.10"]

1. d4 d5 2. c4 c6 3. Nc3 Nf6 4. Nf3 dxc4 5. a4 Bf5 6. e3 e6 7. Bxc4 Bb4 8. O-O
O-O 9. Qe2 Nbd7 10. Rd1 Bg6 11. h3 Qe7 12. Nh4 Bh5 13. g4 Bg6 14. e4 e5 15. g5
Nh5 16. Nf5 Qd8 17. dxe5 Nxe5 18. Rxd8 Raxd8 19. Be3 Nxc4 20. Qxc4 a5 21. Rd1
Rxd1+ 22. Nxd1 Rd8 23. Nc3 Kh8 24. Bc5 Bxf5 25. exf5 Bxc3 26. bxc3 f6 27. Be7
Rd1+ 28. Kh2 fxg5 29. Qe2 Rd7 30. Bxg5 Nf6 31. Bxf6 gxf6 32. Qe8+ 1-0

[Event "Titled Tue 10th Jun Early"]
[Site "chess.com INT"]
[Date "2025.06.10"]
[Round "3"]
[White "Sakhayi, Mostafa"]
[Black "Iskusnyh, Sergei"]
[Result "0-1"]
[WhiteTitle "CM"]
[BlackTitle "GM"]
[WhiteElo "2166"]
[BlackElo "2440"]
[WhiteFideId "12512532"]
[BlackFideId "4120027"]
[EventDate "2025.06.10"]

1. d4 d5 2. c4 c6 3. Nf3 Nf6 4. Nc3 e6 5. Bg5 Nbd7 6. e3 h6 7. Bh4 Be7 8. Bd3
dxc4 9. Bxc4 a6 10. O-O O-O 11. a4 c5 12. Qe2 cxd4 13. exd4 Nb6 14. Bb3 Bd7 15.
Ne5 Nbd5 16. Rad1 Rc8 17. Rd3 Nf4 18. Qd2 Nxd3 19. Qxd3 Bc6 20. Bc2 Re8 21. f4
Bd5 22. f5 Rxc3 23. bxc3 Be4 24. Qe2 exf5 25. Bxf6 Bxf6 26. Bxe4 Bxe5 27. Rxf5
Bxd4+ 28. cxd4 Qxd4+ 29. Qf2 Qd1+ 30. Qf1 Qxf1+ 31. Kxf1 Rxe4 32. a5 Rb4 33. Ke2
Kf8 34. Kd3 Ke7 35. Kc3 Rb1 36. g4 f6 37. h4 Ke6 38. h5 b6 39. axb6 Rxb6 0-1

[Event "Titled Tue 10th Jun Early"]
[Site "chess.com INT"]
[Date "2025.06.10"]
[Round "3"]
[White "Vafin, Ayrat"]
[Black "Sarkar, Justin"]
[Result "1-0"]
[WhiteTitle "FM"]
[BlackTitle "IM"]
[WhiteElo "2302"]
[BlackElo "2284"]
[WhiteFideId "4146530"]
[BlackFideId "2010011"]
[EventDate "2025.06.10"]

1. Nf3 f5 2. g3 Nf6 3. Bg2 g6 4. O-O Bg7 5. c4 O-O 6. Nc3 e6 7. d3 d5 8. cxd5
exd5 9. e4 dxe4 10. dxe4 Qxd1 11. Rxd1 fxe4 12. Ng5 Bg4 13. Re1 Nc6 14. h3 Bd7
15. Ngxe4 Nxe4 16. Bxe4 Bxh3 17. Bf4 Rac8 18. Rad1 Bg4 19. Rd2 Nd4 20. Kg2 c6
21. Re3 Rce8 22. f3 Bc8 23. Bd6 Bh6 24. Bxf8 Bxe3 25. Rd3 Kxf8 26. Rxe3 Bf5 27.
Rd3 Bxe4 28. Rxd4 Bf5 29. g4 Be6 30. Ne4 Ke7 31. a3 Rd8 32. Rb4 b6 33. Ng5 Rd2+
34. Kg3 Bd5 35. Nxh7 Kd6 36. Nf6 c5 37. Ra4 a5 38. Ne8+ Ke7 39. Nc7 Bc6 40. Rf4
Rxb2 41. Na6 Kd6 42. Nb8 1-0

[Event "Titled Tue 10th Jun Early"]
[Site "chess.com INT"]
[Date "2025.06.10"]
[Round "3"]
[White "Rustamov, Rustam"]
[Black "Napoli, Nicolo"]
[Result "1-0"]
[WhiteTitle "FM"]
[BlackTitle "FM"]
[WhiteElo "2334"]
[BlackElo "2264"]
[WhiteFideId "13440110"]
[BlackFideId "813702"]
[EventDate "2025.06.10"]

1. e4 c6 2. Nf3 d5 3. Nc3 dxe4 4. Nxe4 Nf6 5. Qe2 Nxe4 6. Qxe4 Nd7 7. Bc4 Nf6 8.
Ne5 e6 9. Qe2 Bd6 10. d4 Qc7 11. O-O O-O 12. Bf4 b6 13. Bd3 Bb7 14. Bg5 c5 15.
c3 h6 16. Bxf6 gxf6 17. Qg4+ Kh8 18. Qh4 Kg7 19. Ng4 Rh8 20. Qxf6+ Kg8 21. Nxh6+
Rxh6 22. Qxh6 Bf4 23. Qh7+ Kf8 24. g3 Qc6 25. f3 Be3+ 26. Kg2 cxd4 27. Be4 Qc7
28. Qh8+ Ke7 29. Qh4+ Kd7 30. Bxb7 Qxb7 31. Rad1 Rc8 32. Rfe1 Ke8 33. Re2 Qc7
34. cxd4 1-0

[Event "Titled Tue 10th Jun Early"]
[Site "chess.com INT"]
[Date "2025.06.10"]
[Round "3"]
[White "Saydaliev, Saidakbar"]
[Black "Weerasekara, Dishal Nimsara"]
[Result "1-0"]
[WhiteTitle "IM"]
[BlackTitle "FM"]
[WhiteElo "2450"]
[BlackElo "2125"]
[WhiteFideId "14203693"]
[BlackFideId "9997431"]
[EventDate "2025.06.10"]

1. d4 Nf6 2. c4 e6 3. Nf3 d5 4. g3 Be7 5. Bg2 O-O 6. O-O dxc4 7. Qc2 a6 8. a4
Bd7 9. Rd1 Bc6 10. Bg5 b5 11. Bxf6 Bxf6 12. e4 Nd7 13. Nc3 b4 14. d5 Bb7 15.
dxe6 bxc3 16. exd7 cxb2 17. Rab1 Rb8 18. Qxc4 Qe7 19. Ne1 Rfd8 20. Qxc7 Bxe4 21.
Bxe4 Qxe4 22. Ng2 Rb7 23. Qc5 Rbxd7 24. Re1 Qxa4 25. Ne3 Qd4 26. Qf5 Qc3 27. Ng4
Bd4 28. Qxd7 Rf8 29. Qf5 h5 30. Ne3 Qc2 31. Qxc2 a5 32. Nf5 Bb6 33. Ne7+ Kh8 34.
Qf5 g6 35. Nxg6+ Kg7 36. Nxf8 1-0

[Event "Titled Tue 10th Jun Early"]
[Site "chess.com INT"]
[Date "2025.06.10"]
[Round "3"]
[White "Baches Garcia, Guillermo"]
[Black "Leinov, Roman"]
[Result "1-0"]
[WhiteTitle "IM"]
[BlackTitle "CM"]
[WhiteElo "2305"]
[BlackElo "2120"]
[WhiteFideId "2209764"]
[BlackFideId "13504649"]
[EventDate "2025.06.10"]

1. Nf3 Nf6 2. d4 e6 3. Bg5 h6 4. Bh4 g5 5. Bg3 b6 6. Nbd2 Bb7 7. e3 d6 8. Bd3
Nbd7 9. c3 Bg7 10. Qe2 Nh5 11. e4 Qe7 12. Nc4 Nxg3 13. hxg3 e5 14. Ne3 exd4 15.
Nf5 Qf6 16. cxd4 O-O-O 17. O-O Rhe8 18. Rfe1 Bh8 19. Qc2 Kb8 20. b4 Rc8 21. a4
c5 22. bxc5 dxc5 23. d5 h5 24. Rab1 g4 25. Nd2 Ne5 26. Bb5 Red8 27. a5 a6 28.
Bxa6 Bxa6 29. Rxb6+ Qxb6 30. axb6 Kb7 31. Ne7 Nd3 32. Re3 Nxf2 33. Kxf2 Bd4 34.
Nxc8 Rxc8 35. Nb3 Bxe3+ 36. Kxe3 c4 37. Nd4 c3 38. Nc6 Bb5 39. Qxc3 Kxb6 40.
Qa5+ Kc5 41. Qa7+ Kc4 42. Qd4+ Kb3 43. Qb4+ Kc2 44. Nd4+ 1-0

[Event "Titled Tue 10th Jun Early"]
[Site "chess.com INT"]
[Date "2025.06.10"]
[Round "3"]
[White "Cordeiro, Marco Aurelio Zaror"]
[Black "El Zein, Zayne-Eddine"]
[Result "0-1"]
[BlackTitle "CM"]
[WhiteElo "2056"]
[BlackElo "2194"]
[WhiteFideId "2117991"]
[BlackFideId "5313210"]
[EventDate "2025.06.10"]

1. e4 d6 2. d4 Nf6 3. f3 e6 4. Nc3 Be7 5. Be3 O-O 6. Qd2 a6 7. O-O-O b5 8. e5
Nd5 9. Nxd5 exd5 10. f4 Nc6 11. Nf3 b4 12. Bd3 a5 13. f5 a4 14. g4 dxe5 15. dxe5
d4 16. f6 Bxf6 17. exf6 dxe3 18. Qxe3 Qxf6 19. g5 Qe6 20. Be4 b3 21. cxb3 axb3
22. a3 Bb7 23. Rhe1 Qc4+ 24. Kb1 Rfe8 25. Qd3 Qxd3+ 26. Bxd3 Nb4 27. Ne5 Nxd3
28. Nxd3 Be4 29. Kc1 Ra6 30. Nb4 Rae6 31. Re3 c5 0-1

[Event "Titled Tue 10th Jun Early"]
[Site "chess.com INT"]
[Date "2025.06.10"]
[Round "3"]
[White "Tang, Andrew"]
[Black "Goryachkina, Aleksandra"]
[Result "1-0"]
[WhiteTitle "GM"]
[BlackTitle "GM"]
[WhiteElo "2529"]
[BlackElo "2533"]
[WhiteFideId "2059630"]
[BlackFideId "4147103"]
[EventDate "2025.06.10"]

1. d4 d5 2. Bf4 Nf6 3. e3 Bf5 4. c4 e6 5. Nc3 dxc4 6. Bxc4 Bd6 7. Bg5 Be7 8.
Nge2 Nbd7 9. f3 h6 10. Bh4 c6 11. O-O Bh7 12. Bf2 O-O 13. Qd2 c5 14. Rfd1 Nb6
15. Bb3 c4 16. Bc2 Bxc2 17. Qxc2 Nbd5 18. a3 Rc8 19. e4 Nxc3 20. Nxc3 a6 21. Rd2
Qc7 22. Rad1 b5 23. g3 Rfd8 24. Kg2 Qb7 25. d5 a5 26. d6 Bf8 27. a4 b4 28. Nb5
e5 29. Rc1 Rd7 30. Qd1 Ne8 31. Rd5 Rcd8 32. Bc5 Nf6 33. Rxe5 Rc8 34. Rxc4 Rdd8
35. b3 Rc6 36. Qd3 Rdc8 37. Na7 Nd7 38. Nxc6 Rxc6 39. Rd5 Qc8 40. Be3 Rxc4 41.
Qxc4 1-0

[Event "Titled Tue 10th Jun Early"]
[Site "chess.com INT"]
[Date "2025.06.10"]
[Round "3"]
[White "Mitev, Valentin"]
[Black "Sanal, Vahap"]
[Result "0-1"]
[WhiteTitle "FM"]
[BlackTitle "GM"]
[WhiteElo "2323"]
[BlackElo "2564"]
[WhiteFideId "2921707"]
[BlackFideId "6300545"]
[EventDate "2025.06.10"]

1. d4 d5 2. Nf3 c6 3. e3 Nf6 4. c4 Bf5 5. Nc3 e6 6. Qb3 Qc7 7. Nh4 Bg6 8. Bd2
Nbd7 9. Nxg6 hxg6 10. O-O-O a6 11. f3 Be7 12. Kb1 dxc4 13. Bxc4 b5 14. Be2 c5
15. dxc5 Nxc5 16. Qc2 Rxh2 17. f4 Rxh1 18. Rxh1 Rc8 19. Rh8+ Bf8 20. Nxb5 axb5
21. Bxb5+ Nfd7 22. Bb4 Qb6 23. a4 f5 24. Qc4 Rc7 25. a5 Qd6 26. a6 Kf7 27. Qd4
Qxd4 28. exd4 Nb3 29. Bxd7 Bxb4 30. Be8+ Ke7 31. Ba4 Nxd4 32. Re8+ Kf7 33. Rd8
Bc5 34. Rd7+ Rxd7 0-1

[Event "Titled Tue 10th Jun Early"]
[Site "chess.com INT"]
[Date "2025.06.10"]
[Round "3"]
[White "Klymchuk, Andriy"]
[Black "Lazavik, Denis"]
[Result "0-1"]
[WhiteTitle "FM"]
[BlackTitle "GM"]
[WhiteElo "2405"]
[BlackElo "2580"]
[WhiteFideId "14140063"]
[BlackFideId "13515110"]
[EventDate "2025.06.10"]

1. e4 c5 2. Nf3 d6 3. d4 cxd4 4. Nxd4 Nf6 5. Nc3 a6 6. f4 e5 7. Nf3 Nbd7 8. Bd3
Be7 9. O-O O-O 10. a4 Qc7 11. Kh1 Nc5 12. Qe1 Re8 13. Nh4 Be6 14. fxe5 dxe5 15.
Nf5 Bxf5 16. Rxf5 Rad8 17. Qg3 Ncxe4 18. Nxe4 Nxe4 19. Qe1 Nc5 20. Rxe5 Nxd3 21.
cxd3 Qd7 22. Bf4 Bd6 23. Rxe8+ Rxe8 24. Qf2 Bxf4 25. Qxf4 Qxd3 26. h3 h6 27. Rf1
Qd5 28. Rf3 Re4 29. Qb8+ Kh7 30. b3 f6 31. Qc7 Re1+ 32. Kh2 Qe5+ 33. Qxe5 Rxe5
34. Rc3 Re4 35. Kg3 Rb4 36. Kf3 h5 37. g3 Kg6 38. Rd3 Kf5 39. Rd5+ Ke6 40. Rd3
g5 41. g4 hxg4+ 42. hxg4 Rf4+ 43. Kg3 Ke5 44. Re3+ Kd5 45. Rc3 Rb4 46. Rf3 Kd4
47. a5 Ke5 48. Re3+ Kd6 49. Rf3 Ke7 50. Re3+ Kf7 51. Rc3 Rb5 52. Kf3 Kg6 53. b4
Rxb4 54. Ra3 Rb5 55. Kg3 Kf7 56. Kf3 Ke6 57. Ke4 Rb4+ 58. Kf3 Kd6 59. Rd3+ Kc5
60. Kg3 Rb5 61. Rf3 Rxa5 62. Rxf6 Ra3+ 63. Kg2 Ra5 64. Rf5+ Kb4 65. Kf3 Rc5 66.
Ke4 a5 67. Kd4 b6 68. Rf1 Kb5 69. Rb1+ Kc6 70. Rf1 a4 71. Rf6+ Kb5 72. Rf1 a3 0-1

[Event "Titled Tue 10th Jun Early"]
[Site "chess.com INT"]
[Date "2025.06.10"]
[Round "3"]
[White "Ughuzov, Ravan"]
[Black "Vasquez Schroeder, Rodrigo"]
[Result "1-0"]
[WhiteTitle "FM"]
[BlackTitle "GM"]
[WhiteElo "2295"]
[BlackElo "2446"]
[WhiteFideId "13419315"]
[BlackFideId "3400042"]
[EventDate "2025.06.10"]

1. e4 e6 2. d4 d5 3. e5 c5 4. c3 Nc6 5. Nf3 Nge7 6. Na3 cxd4 7. cxd4 Nf5 8. Nc2
Qb6 9. Bd3 Bd7 10. O-O Nb4 11. Nxb4 Bxb4 12. g4 Nh6 13. h3 Ng8 14. Be3 Bb5 15.
Kg2 Bxd3 16. Qxd3 h5 17. Rac1 Bf8 18. a3 Ne7 19. b4 Ng6 20. Rh1 Be7 21. Nd2 a5
22. b5 a4 23. f4 Nh4+ 24. Kg3 hxg4 25. hxg4 Kd7 26. Nb1 g5 27. f5 exf5 28. gxf5
f6 29. Nc3 Ra5 30. Rb1 Ke8 31. Nxd5 Qd8 32. Nxe7 Kxe7 33. Qe4 Kf7 34. Qxb7+ Kg8
35. Qe4 Qc8 36. Kg4 Qe8 37. Qd5+ Kh7 38. exf6 Rf8 39. Bxg5 Qe2+ 40. Kxh4 Rxb5
41. Kg3+ 1-0

[Event "Titled Tue 10th Jun Early"]
[Site "chess.com INT"]
[Date "2025.06.10"]
[Round "3"]
[White "Aditya, Varun Gampa"]
[Black "Adewumi, Tanitoluwa"]
[Result "1-0"]
[WhiteTitle "FM"]
[BlackTitle "FM"]
[WhiteElo "2186"]
[BlackElo "2362"]
[WhiteFideId "45066183"]
[BlackFideId "30966396"]
[EventDate "2025.06.10"]

1. a3 a6 2. Nf3 Nf6 3. d4 g6 4. Nc3 d6 5. e4 Bg7 6. Be2 O-O 7. O-O b5 8. Re1 Bb7
9. Bf1 c5 10. e5 dxe5 11. dxc5 Qxd1 12. Rxd1 e4 13. Nd4 Rc8 14. b4 Nc6 15. Nxc6
Bxc6 16. Bb2 Ng4 17. Rab1 f5 18. Nd5 Bxb2 19. Nxe7+ Kf8 20. Nxc8 Be5 21. h3 Bh2+
22. Kh1 Nxf2+ 23. Kxh2 Nxd1 24. Rxd1 Rxc8 25. Kg3 g5 26. Rd6 Ke7 27. c4 h5 28.
Rg6 f4+ 29. Kf2 e3+ 30. Ke1 bxc4 31. Bxc4 Bxg2 32. Rxg5 f3 33. Re5+ Kf6 34. Rxe3
Rd8 35. Bxa6 Ra8 36. Bb7 Ra7 37. Bxf3 Bxh3 38. Bxh5 Bf5 39. Be2 Kg5 40. Kd2 Kf4
41. Rc3 Ke5 42. Bd3 Bg4 43. c6 Rh7 44. Bxh7 1-0

[Event "Titled Tue 10th Jun Early"]
[Site "chess.com INT"]
[Date "2025.06.10"]
[Round "3"]
[White "Mikhalsky, Vladimir"]
[Black "Bezerra, Flavio Rodrigo Costa"]
[Result "0-1"]
[WhiteElo "2219"]
[BlackElo "2096"]
[WhiteFideId "14144352"]
[BlackFideId "2114704"]
[EventDate "2025.06.10"]

1. c4 c6 2. Nf3 d5 3. g3 Nf6 4. Bg2 Bf5 5. O-O e6 6. b3 Be7 7. Bb2 O-O 8. d3 h6
9. Nbd2 a5 10. a3 Na6 11. Qc2 Bh7 12. Rad1 Rc8 13. e4 dxe4 14. dxe4 Nc5 15. b4
axb4 16. axb4 Qd3 17. Qc1 Nb3 18. Nxb3 Qxb3 19. Nd4 Qxb4 20. Rfe1 Rfd8 21. Re3
c5 22. Rb3 Qa4 23. Rxb7 Bf8 24. e5 Ne4 25. Nb3 Qa6 26. Rb5 Rxd1+ 27. Qxd1 Qa2
28. Qa1 Qxa1+ 29. Bxa1 Rd8 30. Bf3 Nd2 31. Nxd2 Rxd2 32. Rb8 Ra2 33. Bc3 Bf5 34.
Kg2 g6 35. h3 Kg7 36. g4 Bd3 37. Rc8 Bxc4 38. Rc7 Bd5 0-1

[Event "Titled Tue 10th Jun Early"]
[Site "chess.com INT"]
[Date "2025.06.10"]
[Round "3"]
[White "Samunenkov, Ihor"]
[Black "Shandrygin, Nikita"]
[Result "1-0"]
[WhiteTitle "GM"]
[BlackTitle "FM"]
[WhiteElo "2562"]
[BlackElo "2209"]
[WhiteFideId "14187086"]
[BlackFideId "24198668"]
[EventDate "2025.06.10"]

1. d4 d5 2. Nc3 Nc6 3. Bf4 e5 4. dxe5 d4 5. Ne4 f6 6. Nf3 Bf5 7. Ng3 Bg6 8. e4
fxe5 9. Bd2 Nf6 10. Bd3 Bd6 11. Nh4 O-O 12. Nxg6 hxg6 13. Bc4+ Kh7 14. h4 Qd7
15. h5 g5 16. Qe2 a6 17. Nf5 b5 18. Bd3 Nb4 19. a3 Nxd3+ 20. cxd3 c5 21. Bxg5
Rac8 22. Rh3 c4 23. Rg3 Rf7 24. Bxf6 cxd3 25. Qg4 Rxf6 26. Qxg7+ Qxg7 27. Rxg7+
Kh8 28. Rg6 Rxg6 29. hxg6 Bf8 30. Kd2 Rc2+ 31. Kxd3 Rxf2 32. Rc1 Rxg2 33. Rc8
Rxg6 34. Rxf8+ Kh7 35. Rf7+ Kg8 36. Re7 Rg2 37. Rxe5 Rxb2 38. Nxd4 Ra2 39. Nc2
Kf7 40. Kc3 1-0

[Event "Titled Tue 10th Jun Early"]
[Site "chess.com INT"]
[Date "2025.06.10"]
[Round "3"]
[White "Arabidze, Meri"]
[Black "Ashraf, Artin"]
[Result "0-1"]
[WhiteTitle "IM"]
[BlackTitle "FM"]
[WhiteElo "2440"]
[BlackElo "2407"]
[WhiteFideId "13604040"]
[BlackFideId "22514805"]
[EventDate "2025.06.10"]

1. d4 d5 2. c4 e6 3. Nc3 Be7 4. Nf3 Nf6 5. Bf4 O-O 6. e3 b6 7. Be2 Bb7 8. cxd5
Nxd5 9. Nxd5 Bxd5 10. O-O Nd7 11. Qc2 c5 12. Rfd1 Qc8 13. dxc5 Nxc5 14. Ng5 Bxg5
15. Bxg5 Ne4 16. Qxc8 Rfxc8 17. Bh4 Rc2 18. Bd3 Rxb2 19. Bxe4 Bxe4 20. a4 f6 21.
Rd7 e5 22. h3 Rb1+ 23. Rxb1 Bxb1 24. Rc7 Bg6 25. f4 exf4 26. exf4 Be8 27. Rc4
Rd8 28. Bf2 Rd7 29. Kh2 h5 30. g4 hxg4 31. hxg4 Bf7 32. Rb4 Rd2 33. Kg3 Ra2 34.
Be3 Be8 35. g5 Rxa4 36. Rxa4 Bxa4 37. gxf6 gxf6 38. Kf3 f5 39. Ke2 Kf7 40. Kd3
Bb5+ 41. Kd4 Ke6 42. Bd2 Bc6 43. Bb4 Kd7 44. Ke5 Be4 45. Bd6 Kc6 46. Bb8 a5 47.
Kd4 b5 48. Be5 b4 49. Kc4 Bd5+ 50. Kd4 Ba2 51. Bf6 Kb5 52. Be7 Bb1 0-1

[Event "Titled Tue 10th Jun Early"]
[Site "chess.com INT"]
[Date "2025.06.10"]
[Round "3"]
[White "Mottola, Max"]
[Black "Teh, Wee Zhun"]
[Result "1-0"]
[BlackTitle "CM"]
[WhiteElo "2247"]
[BlackElo "2010"]
[WhiteFideId "30985862"]
[BlackFideId "5707277"]
[EventDate "2025.06.10"]

1. d4 d5 2. Nc3 Nf6 3. Bf4 c5 4. e4 Nxe4 5. Nxe4 dxe4 6. dxc5 Qa5+ 7. c3 Qxc5 8.
Qa4+ Nc6 9. Qxe4 g6 10. Nf3 Bg7 11. Rd1 O-O 12. Bc4 Bf5 13. Qe2 e5 14. Be3 Qe7
15. O-O Rad8 16. Bd5 Rfe8 17. Qc4 Be6 18. Ng5 Bxd5 19. Rxd5 Rxd5 20. Qxd5 Rd8
21. Qb3 h6 22. Ne4 Kh7 23. Nc5 b6 24. Na6 f5 25. Qc4 Qd6 26. f3 Rd7 27. Qb5 Ne7
28. Nb4 f4 29. Bf2 Nf5 30. Re1 g5 31. Qe2 a5 32. Nc2 1-0